Polskie linie lotnicze - Nagła Śmierć - Statystyki

Ogólne statystyki
  • Ten quiz został rozwiązany 56 razy
  • Średni wynik to 2 z 6
Answers on the Grid
Answers color-coded by a green-red scale on the quiz's grid according to % correct below.
Enter Air
LOT
SkyTaxi
Buzz
SprintAir
Smartwings
Poland
Delta
Ryanair
KLM
PL Airways
Air Warsaw
Wizz Air
Jet2
Air Polonia
Trade Air
KlasJet
DAT LT
Avion Express
Van Air Europe
Aero Poland
Animawings
 
Statystyki odpowiedzi
Odpowiedź % Poprawnych
LOT
88%
Enter Air
33%
Smartwings
Poland
27%
Buzz
12%
SprintAir
9%
SkyTaxi
0%
Nie znaleziono quizów pasujących do podanych kryteriów
Rozkład punktacji
Procent ludzi z każdym wynikiem
Percentyl według liczby udzielonych odpowiedzi
Twoja historia wyników
Nie rozwiązałeś tego quizu